| 000 | 00369pab a2200133 454500 | ||
|---|---|---|---|
| 008 | 180718b xxu||||| |||| 00| 0 eng d | ||
| 100 | _aTaori Kamal | ||
| 245 | _aEconomic issue in panchayat raj programme | ||
| 362 | _a40(4) Jan 1994, p.219-29 | ||
| 650 | _a Village Panchayats -- India | ||
| 650 | _aPanchayati Raj -- India | ||
| 773 | _aKhadi Gramodyog | ||
| 909 | _a26930 | ||
| 999 |
_c26930 _d26930 |
||